Democracia, justiça e cidadania : (Record no. 203)

MARC details
000 -LÍDER
Campo Fixo de Controle 01280cam a2200313 a 4500
001 - NÚMERO DE CONTROLE
Campo de Controle 203
003 - IDENTIFICAÇÃO DO NÚMERO DE CONTROLE
Campo de Controle BR-CuiBMT
005 - DATA E HORA DA ÚLTIMA ATUALIZAÇÃO
Campo de Controle 20231123132728.0
008 - DADOS FIXOS
Dados Fixos 230829s2020 mgba 010 0 por d
020 ## - INTERNATIONAL STANDARD BOOK NUMBER
Nº do ISBN 9788545007487 (v. 1)
020 ## - INTERNATIONAL STANDARD BOOK NUMBER
Nº do ISBN 9788545007494 (v. 2)
040 ## - AGÊNCIA CATALOGADORA
Código da Agência Catalogadora BR-CuiBMT
Agência que transcreveu o registro BR-CuiBMT
080 ## - Nº DA CLASSIFICAÇÃO DECIMAL UNIVERSAL
Nº edição CDU 2007
Nº Class. CDU 342.8
090 ## - NÚMERO DE CHAMADA
Nº classificação 342.8
Cutter D383
245 00 - TÍTULO PRINCIPAL
Título principal Democracia, justiça e cidadania :
Subtítulo desafios e perspectivas : homenagem ao ministro Luís Roberto Barroso /
Indicação de responsabilidade Daniel Castro Gomes da Costa ... [et al.] coordenadores ; [autores: Ademar Borges de Sousa Filho ... et al.] ; prefácio Rosa Weber.
260 ## - PUBLICAÇÃO, DISTRIBUIÇÃO, ETC.
Local de publicação Belo Horizonte :
Editora Fórum,
Data 2020.
300 ## - DESCRIÇÃO FÍSICA
N. páginas ou volumes 2 v. :
Ilustrações il. ;
Dimensões 24 cm
504 ## - NOTA DE BIBLIOGRAFIA, ETC.
Nota de bibliografia Inclui bibliografia.
505 0# - NOTA DE CONTEÚDO
Nota de conteúdo v. 1. Direito eleitoral, política e democracia -- v. 2. Pensando as instituições, a justiça e o direito.
600 14 - ASSUNTO -- NOME PESSOAL
Nome pessoal Barroso, Luís Roberto,
Datas associadas ao nome 1958-
Subdivisão geral Carreira no direito
650 ## - ASSUNTO TÓPICO
Cabeçalho tópico ou nome geográfico Direito constitucional
Subdivisão geográfica Brasil
650 ## - ASSUNTO TÓPICO
Cabeçalho tópico ou nome geográfico Direito administrativo
Subdivisão geográfica Brasil
650 ## - ASSUNTO TÓPICO
Cabeçalho tópico ou nome geográfico Direito eleitoral
Subdivisão geográfica Brasil
650 ## - ASSUNTO TÓPICO
Cabeçalho tópico ou nome geográfico Sistema eleitoral
Subdivisão geral Democracia
650 ## - ASSUNTO TÓPICO
Cabeçalho tópico ou nome geográfico Juristas brasileiros
700 1# - ENTRADA SECUNDÁRIA -- NOME PESSOAL
Nome pessoal Costa, Daniel Castro Gomes da
Cód. do termo explicativo et al.
-- coord.
700 1# - ENTRADA SECUNDÁRIA -- NOME PESSOAL
Nome pessoal Sousa Filho, Ademar Borges de
Termo de relação et al.
-- autores
942 ## - ELEMENTOS DE ENTRADA ADICIONAIS (KOHA)
Fonte de classificação ou esquema de arquivamento Classificação Decimal Universal
Tipo de item do Koha Livros
Holdings
Estado: removido Estado: perdido Fonte de classificação ou esquema de arquivamento Estado: danificado Indisponível para empréstimo Localização permanente Localização atual Data de aquisição Numeração serial ou cronológica (Volume) Total Checkouts Número de Chamada completo Código de barras Date last seen Número do exemplar Preço efetivo a partir de Tipo de item (Koha)
    Classificação Decimal Universal     Biblioteca da Escola Superior de Contas do TCE/MT Biblioteca da Escola Superior de Contas do TCE/MT 28/07/2023 v. 1   342.8 D383 BIBTCEMT23080180 29/08/2023 Ex. 1 29/08/2023 Livros
    Classificação Decimal Universal     Biblioteca da Escola Superior de Contas do TCE/MT Biblioteca da Escola Superior de Contas do TCE/MT 28/07/2023 v. 2   342.8 D383 BIBTCEMT23080181 29/08/2023 Ex. 1 29/08/2023 Livros
    Classificação Decimal Universal     Biblioteca da Escola Superior de Contas do TCE/MT Biblioteca da Escola Superior de Contas do TCE/MT 28/07/2023 v. 1   342.8 D383 BIBTCEMT23100077 31/10/2023 Ex. 2 29/08/2023 Livros
    Classificação Decimal Universal     Biblioteca da Escola Superior de Contas do TCE/MT Biblioteca da Escola Superior de Contas do TCE/MT 28/07/2023 v. 1   342.8 D383 BIBTCEMT23100078 31/10/2023 Ex. 3 29/08/2023 Livros
    Classificação Decimal Universal     Biblioteca da Escola Superior de Contas do TCE/MT Biblioteca da Escola Superior de Contas do TCE/MT 28/07/2023 v. 1   342.8 D383 BIBTCEMT23100079 31/10/2023 Ex. 4 29/08/2023 Livros
    Classificação Decimal Universal     Biblioteca da Escola Superior de Contas do TCE/MT Biblioteca da Escola Superior de Contas do TCE/MT 28/07/2023 v. 2   342.8 D383 BIBTCEMT23100080 31/10/2023 Ex. 2 29/08/2023 Livros
    Classificação Decimal Universal     Biblioteca da Escola Superior de Contas do TCE/MT Biblioteca da Escola Superior de Contas do TCE/MT 28/07/2023 v. 2   342.8 D383 BIBTCEMT23100081 31/10/2023 Ex. 3 29/08/2023 Livros
    Classificação Decimal Universal     Biblioteca da Escola Superior de Contas do TCE/MT Biblioteca da Escola Superior de Contas do TCE/MT 28/07/2023 v. 2   342.8 D383 BIBTCEMT23100082 31/10/2023 Ex. 4 29/08/2023 Livros

Powered by Koha